| 000 | 00395nam a22001577a 4500 | ||
|---|---|---|---|
| 003 | OSt | ||
| 005 | 20240930105539.0 | ||
| 008 | 240930b |||||||| |||| 00| 0 eng d | ||
| 020 | _a9781457316746 | ||
| 040 | _c | ||
| 082 |
_23 _a378.166 _bSAT |
||
| 245 |
_aOfficial digital SAT study guide _cSAT |
||
| 250 | _a3 | ||
| 260 |
_bCollege board, new york _c2023 |
||
| 942 |
_2ddc _cRB _e3 _k378.166 _mSAT _n0 |
||
| 999 |
_c36085 _d36085 |
||